Histoire de l'Allier - Statistiques

Statistiques générales
  • Ce quiz a été pris 14 fois
  • Le résultat moyen est 10 sur 30
Statistiques - réponses
Question Réponse % Correct
Jusqu'en 2016 l'Allier appartient à la région Auvergne
92%
Depuis 2016 l'Allier appartient à la région Auvergne-Rhône-Alpes
92%
La capitale de la région actuelle à laquelle appartient le département est Lyon
92%
Les Romains créent les stations thermales de Vichy
92%
1148 habitants en 1836, 65794 en 2020, cette commune a connu un développement exceptionnel c'est Vichy
92%
Pendant la 2e guerre mondiale, ce chef de gouvernement s'installe à Vichy Philippe Pétain
85%
L'Allier est le berceau de la famille royale des Bourbons
69%
Ce poète parnassien nait à Moulins en 1823 Théodore de {Banville}
62%
Au XIXe siècle on commence à y exploiter le charbon
54%
Le département est créé en 1790
46%
Pendant la 2e guerre mondiale,le département est coupé en deux par la ligne de démarcation
38%
Le premier peuplement est attesté celui de l'homme de {Néandertal}
31%
Les Romains créent les stations thermales de Bourbon-l'Archambault
23%
Les Romains créent les stations thermales de Néris-les-Bains
23%
Vers le Xe siècle y est fondé par l'abbaye de Cluny le prieuré de Souvigny
23%
Cet écrivain nait à Vichy en 1881 Valéry {Larbaud}
23%
Les peuples qui se partagent la région à l'époque gauloise sont les Arvernes
15%
Les peuples qui se partagent la région à l'époque gauloise sont les Eduens
15%
En 1793, Moulins reçoit la redoutable visite de Joseph {Fouché}
15%
Ce musicien nait à Montluçon en 1853 André {Messager}
8%
Les peuples qui se partagent la région à l'époque gauloise sont les Bituriges
8%
On trouve sa trace notamment à {Châtelperron}
8%
Les principaux puits sont à Montcombroux
8%
Les principaux puits sont à Noyant
8%
Le territoire actuel de l'Allier est réuni à la Couronne en 1531
0%
Le diocèse de Moulins est créé une première fois en 1788
0%
Le diocèse de Moulins est recréé en 1817
0%
Les principaux puits sont à Bézenet
0%
Leurs tombeaux se trouvent à Souvigny dans l'église Saint-{Pierre}-et-Saint-{Paul}
0%
Les principaux puits sont à Tronget
0%
Aucun quiz correspondant
Distribution des résultats
% des personnes avec chaque résultat
Percentile par nombre de réponses
Votre historique - résultats
Vous n’avez pas pris ce quiz